Click Cities - Hard - Statistics

General Stats
  • This quiz has been taken 15 times
  • The average score is 17 of 25
Answer Stats
Hint Answer % Correct
Macon Georgia
93%
Ithaca New York
93%
Toledo Ohio
93%
Tacoma Washington
93%
Bentonville Arkansas
86%
Pueblo Colorado
86%
Bridgeport Connecticut
86%
Rockford Illinois
86%
Joplin Missouri
86%
Casa Grande Arizona
79%
Paterson New Jersey
79%
Sugar Land Texas
79%
Orem Utah
71%
Muscle Shoals Alabama
64%
Bowling Green Kentucky
64%
Johnson City Tennessee
64%
Easton Maryland
57%
Lynn Massachusetts
57%
Kalispell Montana
50%
Gillette Wyoming
50%
New Bern North Carolina
43%
Fishers Indiana
36%
Danville Virginia
36%
Gresham Oregon
29%
Petersburg Alaska
14%
No matching quizzes found
Score Distribution
Percent of People with Each Score
Percentile by Number Answered
Your Score History
You have not taken this quiz